000 00477nam a2200181Ia 4500
008 170106s2006||||xx |||||||||||||| ||und||
020 _a9781405134422
_q pbk
082 _a320.54
_bGEL
100 _aGellner, Ernest
245 0 _aNations and nationalism [2nd ed.]
250 _a2nd ed.
260 _aMalden, MA
_bBlackwell Publishing
_c2006
300 _ax, 152p. ; 23 cm.
650 _aPolitical science
653 _aHS608
700 _a Breuilly, John
942 _cBK
999 _c25178
_d25178